000 00529nmm a2200193Ia 4500
008 251105s9999||||xx |||||||||||||||||und||
020 _a9788415952084
041 _aspa
100 _aJeffries, Sabrina
245 0 _aEl benefactor
264 _a[Madrid, España] :
_bTerciopelo,
_c2013
300 _a315 páginas
490 _aEscuela de Señoritas
650 _aRomance
700 _aJeffries, Sabrina
700 1 _a Rabascall García, Iolanda
856 _uhttps://public.digitaliapublishing.com/a/32316
942 _cCF
999 _c67231
_d67231